Lịch sử Việt Nam từ nguồn gốc đến thế kỷ X Giáo trình CĐSP
Zapisane w:
| 1. autor: | |
|---|---|
| Kolejni autorzy: | |
| Format: | Książka |
| Wydane: |
H.
ĐHSP
2003
|
| Hasła przedmiotowe: | |
| Etykiety: |
Dodaj etykietę
Nie ma etykietki, Dołącz pierwszą etykiete!
|
| Thư viện lưu trữ: | Trung tâm Học liệu Lê Vũ Hùng, Trường Đại học Đồng Tháp |
|---|
| LEADER | 01961pam a22002658a 4500 | ||
|---|---|---|---|
| 001 | 00025619 | ||
| 005 | 20171026081023.0 | ||
| 008 | 110810s2003 ||||||Viesd | ||
| 041 | 0 | # | |a Vie |
| 082 | 1 | 4 | |a 959.701 |b L302S |
| 100 | 0 | # | |a Nguyễn Cảnh Minh |e Chủ biên |
| 245 | 0 | 0 | |a Lịch sử Việt Nam từ nguồn gốc đến thế kỷ X |b Giáo trình CĐSP |c Nguyễn Cảnh Minh, Đặng Đức Thi |
| 260 | # | # | |a H. |b ĐHSP |c 2003 |
| 300 | # | # | |a 201 tr. |c 24 cm. |
| 500 | # | # | |a ĐBS: Bộ giáo dục và đào tạo; Dự án đào tạo giáo viên THCS |
| 653 | # | # | |a Lịch sử Việt Nam |
| 653 | # | # | |a Lịch sử trung đại |
| 653 | # | # | |a Lịch sử cổ đại |
| 700 | 0 | # | |a Đặng Đức Thi |
| 852 | # | # | |b Kho giáo trình |j KGT.0026197, KGT.0026198, KGT.0026199, KGT.0026200, KGT.0026201, KGT.0026202, KGT.0026203, KGT.0026204, KGT.0026205, KGT.0026206, KGT.0026207, KGT.0026208, KGT.0026209, KGT.0026210, KGT.0026211, KGT.0026212, KGT.0026213, KGT.0026214, KGT.0026215, KGT.0026216, KGT.0026217, KGT.0026218, KGT.0026219, KGT.0026220, KGT.0026221, KGT.0026222, KGT.0026223, KGT.0026224, KGT.0026225, KGT.0026226, KGT.0026227, KGT.0026228, KGT.0026229, KGT.0026230, KGT.0026231, KGT.0026232, KGT.0026233, KGT.0026234 |
| 852 | # | # | |b Kho mượn |j KGT.0026197 |
| 852 | # | # | |j KGT.0026198 |j KGT.0026199 |j KGT.0026200 |j KGT.0026201 |j KGT.0026205 |j KGT.0026206 |j KGT.0026208 |j KGT.0026209 |j KGT.0026211 |j KGT.0026214 |j KGT.0026216 |j KGT.0026217 |j KGT.0026219 |j KGT.0026223 |j KGT.0026224 |j KGT.0026226 |j KGT.0026227 |j KGT.0026229 |j KGT.0026230 |j KGT.0026234 |j KGT.0026202 |j KGT.0026212 |j KGT.0026213 |j KGT.0026221 |j KGT.0026231 |j KGT.0026232 |j KGT.0026197 |j KGT.0026203 |j KGT.0026204 |j KGT.0026207 |j KGT.0026210 |j KGT.0026215 |j KGT.0026218 |j KGT.0026220 |j KGT.0026222 |j KGT.0026225 |j KGT.0026233 |j KGT.0026228 |
| 910 | 0 | # | |d 10/08/2011 |
| 980 | # | # | |a Trung tâm Học liệu Lê Vũ Hùng, Trường Đại học Đồng Tháp |